000 00540cam a22001577a 4500
008 180718b1995 xxu||||| |||| 00| 0 eng d
082 _aAPPPA 94-95 RAJ
100 _aRajkumar, Neerja
245 _aImpact of the MFA phase out on garment exports from India
_cby Neerja Rajkumar
260 _aNew Delhi
_bIndian Institute of Public Administration
_c1995
300 _a136p.
650 _aAPPPA
650 _aTextile Industry - India Export - Textile Fabrics - India
650 _aTextile Fabrics - India
650 _aClothing Trade - India
999 _c481098
_d481098